000 01633nam0a2200325 4500
001 RU\NLR\BIBL_A\011963090
005 20190409165617.0
010 _a978-5-8154-0474-8
_9500
021 _aRU
_bКН-П-19-012049
_9КН-П-19-0898
035 _a(NLR Aleph) 011963090
035 _a(RuMoRGB)009900399
090 _a11214973
_c11214973
100 _a20190318d2018 k y0rusy50 ca
101 0 _arus
102 _aRU
105 _aa zzzz0|000zy
200 1 _aКраеведческая деятельность библиотек в электронной среде: состояние и перспективы развития
_eмонография
_fЛ. Г. Тараненко
_gМинистерство культуры Российской Федерации, Кемеровский государственный институт культуры
210 _aКемерово
_cКемеровский государственный институт культуры
_d2018
215 _a287 с.
_cил., табл.
_d21
320 _aБиблиогр.: с. 209-253 (415 назв.)
606 1 _aБиблиотечное краеведение
_xИнформационные технологии
_yРоссийская Федерация
_92265911
_3RU\NLR\AUTH\6601587808
686 1 _aЧ735.113.478.9
686 1 _aЧ734(2Р)
700 1 _aТараненко
_bЛ. Г.
_gЛюбовь Геннадиевна
_9173208
_3RU\NLR\AUTH\770173259
942 _cBOOK
980 _aNBR
980 _aNB